000 00699cam a22002531 4500
001 sa 64007729
003 DLC
005 20260227112049.0
008 890628s1962 ii b 000 0 kano
010 _asa 64007729
035 _a(OCoLC)19943746
040 _aDLC
_cWaU
_dDLC
042 _apremarc
043 _aa-ii---
050 0 0 _aPL4641
_b.J6
100 1 _aJōśi, Śaṃ. Bā.,
_d1896-1991.
245 1 0 _aKannaḍada nele;
_bbeginning of the history of Karnataka.
260 _c[1962]
300 _axvi, 192, ii p.
_c19 cm.
500 _aIn Kannada.
504 _aBibliography: p. [i]-ii (at end)
650 0 _aKannada philology.
740 0 _aBeginning of the history of Karnataka.
999 _c60446
_d60446